000 00692nam a2200253Ia 4500
003 OSt
005 20220927105459.0
006 a|||||r|||| 00| 0
007 ta
008 220926b |||||||| |||| 00| 0 eng d
024 _a173007
037 _cReference Collections
040 _aRTL
_cRTL
_beng
041 _2eng
_aeng
082 _a"V2,31p.N80, M0.113-1"
110 _aRajya Sabha.
_9372828
245 0 _aOfficial Report.
260 _aNew
_bDelhi Rajya Sabha Secretariat.
_c1980
300 _a208p.
_ccm.
490 _v113 Vol. no.1
700 _aRajya Sabha.
_9372829
942 _h"V2,31p.N80, M0.113-1"
_cCC
999 _c692776
_d692776